The return of the left in post-communist states : current trends and future prospects (Record no. 67339)

MARC details
000 -LEADER
fixed length control field 00619nam a2200181Ia 4500
008 - FIXED-LENGTH DATA ELEMENTS--GENERAL INFORMATION
fixed length control field 191130s1999##################000#0#eng##
020 ## - INTERNATIONAL STANDARD BOOK NUMBER
ISBN 9781858988153
082 ## - DEWEY DECIMAL CLASSIFICATION NUMBER
Classification number 320.5322 BUK
245 ## - TITLE STATEMENT
Title The return of the left in post-communist states : current trends and future prospects
Statement of responsibility, etc edited by Charles Bukowski and Barnabas Racz
260 ## - PUBLICATION, DISTRIBUTION, ETC. (IMPRINT)
Place of publication Cheltenham, UK
Name of publisher Northampton, MA, USA ; Edward Elgar, 1999
Year of publication c1999
300 ## - PHYSICAL DESCRIPTION
Number of Pages xiii, 169 p. ; 24 cm.
650 ## - SUBJECT ADDED ENTRY--TOPICAL TERM
Topical Term Communist parties
Topical Term Post-communism
991 ## -
-- 183642
Holdings
Withdrawn status Lost status Damaged status Not for loan Home library Current library Shelving location Date acquired Full call number Accession Number Price effective from Koha item type
        Anna Centenary Library Anna Centenary Library 3RD FLOOR, B WING 09.10.2020 320.5322 BUK 358617 09.10.2020 English Books

Find us on the map